Robotics and Control (Record no. 11340)
[ view plain ]
| 000 -LEADER | |
|---|---|
| fixed length control field | 00378nam a22001577a 4500 |
| 003 - CONTROL NUMBER IDENTIFIER | |
| control field | OSt |
| 008 - FIXED-LENGTH DATA ELEMENTS--GENERAL INFORMATION | |
| fixed length control field | 220613b ||||| |||| 00| 0 eng d |
| 020 ## - INTERNATIONAL STANDARD BOOK NUMBER | |
| International Standard Book Number | 9780070482937 |
| 082 ## - DEWEY DECIMAL CLASSIFICATION NUMBER | |
| Classification number | 629.892 MIR |
| 100 ## - MAIN ENTRY--PERSONAL NAME | |
| Personal name | MITTAL, R K |
| 245 ## - TITLE STATEMENT | |
| Title | Robotics and Control |
| 250 ## - EDITION STATEMENT | |
| Edition statement | 32nd |
| 260 ## - PUBLICATION, DISTRIBUTION, ETC. (IMPRINT) | |
| Place of publication, distribution, etc | New Delhi |
| Name of publisher, distributor, etc | Tata Mc Graw Hill Pub. co. Ltd |
| Date of publication, distribution, etc | 2020 |
| 300 ## - PHYSICAL DESCRIPTION | |
| Extent | 487 |
| 942 ## - ADDED ENTRY ELEMENTS (KOHA) | |
| Source of classification or shelving scheme | Dewey Decimal Classification |
| Koha item type | Text Books |
| Withdrawn status | Lost status | Source of classification or shelving scheme | Damaged status | Not for loan | Collection code | Home library | Current library | Date acquired | Source of acquisition | Currency | Cost, normal purchase price | Bill Number | Total Checkouts | Full call number | Acc. no. / Barcode | Date last seen | Date last borrowed | Actual Cost, discounted price | Bill Date | Koha item type |
|---|---|---|---|---|---|---|---|---|---|---|---|---|---|---|---|---|---|---|---|---|
| Dewey Decimal Classification | B.Tech(ME) | PIET C-LIBRARY | PIET C-LIBRARY | 30/05/2022 | The Book Company | Indian Ru | 1050.00 | CM26 | 1 | 629.892 MIR | 33690 | 21/05/2025 | 07/05/2025 | 714.00 | 30/05/2022 | Text Books | ||||
| Dewey Decimal Classification | B.Tech(ME) | PIET C-LIBRARY | PIET C-LIBRARY | 28/03/2025 | Zaffa Books | INR | 1150.00 | ZBD0592 | 629.892 MIR | 38922 | 02/04/2025 | 782.00 | 28/03/2025 | Text Books | ||||||
| Dewey Decimal Classification | B.Tech(ME) | PIET C-LIBRARY | PIET C-LIBRARY | 28/03/2025 | Zaffa Books | INR | 1150.00 | ZBD0592 | 629.892 MIR | 38923 | 02/04/2025 | 782.00 | 28/03/2025 | Text Books |